000 00804nam a22002297a 4500
001 29097
003 UA-OsUOA
005 20240111154512.0
007 ta
008 20050530b un ||||| |||| 00| 0 ukr d
040 _aUA-OsUOA
_brus
_cUA-OsUOA
_dUA-OsUOA
041 _arus
044 _aRU
080 _a94(47+571)
090 _a94(47+571)
_bП62
245 _aПосольство въ Англію дворянина Григорія Микулина въ 1600 и 1601 гг.
_bпо документамъ Московскаго главнаго архива Министерства иностранныхъ дълъ
_cсост. Н. В. Чарыковъ
260 _aМ.
_bСунодальная Типографія
_c1878
300 _a37 с.
650 7 _2UDC
942 _cRB
_2udc
955 _a4
999 _c315477
_d315477